Sistema penal acusatorio de Estados Unidos: fundamentos constitucionales, panorama procesal, principio de oportunidad, juicios por jurado. Principales diferencias con el derecho colombiano
Guardat en:
| Autor principal: | |
|---|---|
| Format: | Llibre |
| Idioma: | espanyol |
| Publicat: |
Bogotá
Legis
2006
|
| Edició: | 1a. ed |
| Matèries: | |
| Etiquetes: |
Afegir etiqueta
Sense etiquetes, Sigues el primer a etiquetar aquest registre!
|
MARC
| LEADER | 00000nam a2200000 a 4500 | ||
|---|---|---|---|
| 001 | UCG6586 | ||
| 003 | CL-VaPUC | ||
| 008 | 110509e20060000CK |||||||||||||||||spa|d | ||
| 020 | |a 9586534685 | ||
| 082 | 0 | 4 | |a 345.7307 |b MUÑ |2 21 |
| 100 | |a Muñoz Neira, Orlando |e autor |9 556886 | ||
| 245 | 1 | 0 | |a Sistema penal acusatorio de Estados Unidos: fundamentos constitucionales, panorama procesal, principio de oportunidad, juicios por jurado. Principales diferencias con el derecho colombiano |
| 250 | |a 1a. ed | ||
| 300 | |a 391 p | ||
| 942 | |c BK | ||
| 945 | |d 20110509 00:00:00 |a jcampos | ||
| 260 | |a Bogotá |b Legis |c 2006 | ||
| 650 | 7 | |a DERECHO PENAL |2 CL-VaPUC |9 11 | |
| 650 | 0 | |a Derecho comparado |9 255664 | |
| 650 | 0 | |a Sistemas jurídicos |9 493750 | |
| 650 | 0 | |a Procedimiento penal |9 254974 | |
| 650 | 7 | |a DERECHO ESTADOUNIDENSE |2 CL-VaPUC |9 385416 | |
| 650 | 7 | |a DERECHO COLOMBIANO |2 CL-VaPUC |9 385468 | |
| 583 | |a last modification |c 20161102 10:38:16 |k Rodrigo Vera | ||
| 999 | |c 344764 |d 344762 | ||
| 952 | |0 0 |1 0 |4 0 |6 345_730700000000000_MUÑ_2006 |7 0 |8 A |9 442946 |a BIBDER |b BIBDER |d 2019-11-22 |i 4772202 |o 345.7307 MUÑ 2006 |p 4772202 |r 2023-01-25 |w 2019-11-22 |y BK |k DER | ||